000 00638nam a2200253Ia 4500
003 OSt
005 20221005120800.0
006 a|||||r|||| 00| 0
007 ta
008 221004b |||||||| |||| 00| 0 eng d
020 _a0920763146
024 _a47895
037 _cTextual
040 _aCRL
_cCRL
_beng
041 _2eng
_aeng
082 _aO111a73,2xH, K0
100 _aHewes Henry
_9614070
245 0 _aFamous american plays of the 1940s
260 _c1960
300 _a446p.
_ccm.
650 _aENGLISH LITERATURE
942 _hO111a73,2xH, K0
_cTEXL
_2cc
999 _c1039106
_d1039106